000 00855nam a2200277Ia 4500
005 20220316235259.0
008 121119s2000 sp a gr 000 0 spa
020 _a8423988813
041 0 _aspa
100 1 _aValle Inclán, Ramón del,
_d1870-1936
245 1 3 _aLa cabeza del dragón
_cRamón del Valle Inclán
250 _aPrimera edición
264 1 _aMadrid
_bEspasa Calpe
_c2000
300 _a101 páginas
_bilustraciones
_c20 cm.
336 _atexto
_btxt
_2rdacontent
337 _asin mediación
_bn
_2rdamedia
338 _avolumen
_bnc
_2rdacarrier
490 0 _aEspasa juvenil. Teatro
650 1 4 _2LEMB
_aLiteratura española
650 1 4 _2LEMB
_aTeatro español
650 1 4 _2LEMB
_aTeatro infantil y juvenil
650 1 4 _2LEMB
_aDragones
_xTeatro
942 _2loc
_cBKLIT
040 _aCO-BoRNBP
_bspa
_erda
_cCO-BoRNBP
084 _aT VAL7
999 _c474
_d474